| 000 | 00710nam a2200205Ia 4500 | ||
|---|---|---|---|
| 003 | GCL | ||
| 008 | 140319s9999 xx 000 0 ara d | ||
| 020 | _a2384509953 | ||
| 040 |
_aGCL / _cGCL |
||
| 082 | 0 | 4 |
_a384.5 _bم ع |
| 245 | 1 | 0 | _aالعرب والاعلام الفضائى |
| 260 |
_aبيروت : _bمركز دراسات الوحدة العربية ، _c2004 |
||
| 300 |
_a221 ص ؛ _c24 سم |
||
| 490 |
_aسلسلة كتب المستقبل العربى _v34 |
||
| 650 | 0 | 4 | _aالفضاء |
| 650 | 0 | 4 | _aوسائل الاعلام |
| 650 | 0 | 4 | _aالاتصالات الالكترونية |
| 650 | 0 | 4 | _aالاتصالات الالكترونية عبر الاقمار الصناعية |
| 942 |
_2ddc _cBK |
||
| 999 |
_c7118 _d7118 |
||